LDR 01292naa#a2200205#i#450# 001 RU\\bibl\123440 005 20260705182500.7 011 ## _a1994-4683 100 ## _a20230731b2023####ek#y0rusy0150####ca 102 ## _aRU 200 1# _aПРЕОДОЛЕНИЕ СТРЕССА ЛИЧНОСТЬЮ В УСЛОВИЯХ НЕОПРЕДЕЛЕННОСТИ _eЖурнальная статья 210 1# _aМосква _cНациональный государственный Университет физической культуры, спорта и здоровья им. П.Ф. Лесгафта _d2023 215 ## _a5 с. 608 ## _aЖурнальная статья _2local 675 ## _aПсихологические типы. Индивидуальная психология. Психология личности. Индивидуальность. Личность.Психология характера. Характерология. Идеосинкрозия. Типы личностей. 159.923 _z 700 #1 _aБостанова _gСветлана Николаевна 700 #1 _aБостанова _gЛариса Шамильевна 700 #1 _aДотдуева _gЖанна Борисовна 700 #1 _aЧербиева _gСаидат Висрадиевна 856 4# _auchzapiski.lesgaft.spb.ru _u